000 00212 a2200097 4500
001 14892
100 _aToynbee A
245 _aA study of history
260 _aLondon
_bOxford Univ press
_c
090 _c11661
_d11661
942 _aNUST-CAE
_cM
_c1849
999 _c249965
_d249965